New media and transformation of social life in china / (Record no. 151679)

MARC details
000 -LEADER
fixed length control field 00669nam a22002057a 4500
005 - DATE AND TIME OF LATEST TRANSACTION
control field 20180423141046.0
010 ## - LCCN (DPL NO)
LC control number ENG-122775
020 ## - INTERNATIONAL STANDARD BOOK NUMBER
International Standard Book Number 9789352803514
Terms of availability 1095.00
035 ## - SYSTEM CONTROL NUMBER
System control number EN-106307
037 ## - SOURCE OF ACQUISITION
Source of stock number/acquisition DBAD/PUB
082 00 - DEWEY DECIMAL CLASSIFICATION NUMBER
Classification number 302.230951
245 10 - TITLE STATEMENT
Title New media and transformation of social life in china /
Statement of responsibility, etc ed. by Xinxum WU; Han Zheng [and] Xiaokun WU
260 ## - PUBLICATION, DISTRIBUTION, ETC. (IMPRINT)
Place of publication, distribution, etc New Delhi
Name of publisher, distributor, etc SAGE Publications,
Date of publication, distribution, etc 2018
270 ## - ADDRESS
Address B1/I-1 Mohan Cooperative Industrial Area, Mathura Road
City New Delhi
Postal code 110044
300 ## - PHYSICAL DESCRIPTION
Extent 235p.
Dimensions 23 cm.(Hb)
700 ## - ADDED ENTRY--PERSONAL NAME
Personal name Xinxum WU
700 ## - ADDED ENTRY--PERSONAL NAME
Personal name Han Zheng
700 ## - ADDED ENTRY--PERSONAL NAME
Personal name Xiaokun WU
942 ## - ADDED ENTRY ELEMENTS (KOHA)
Source of classification or shelving scheme Dewey Decimal Classification
Item type English Books
Classification part 302.230951
Call number suffix NEW
Holdings
Withdrawn status Lost status Not for loan Collection code Home library Current library Date acquired Source of acquisition Cost, normal purchase price Full call number Barcode Copy number Cost, replacement price Koha item type
    Not For Loan Non-fiction D.B.Act.Division Sarojini Nagar 23/04/2018 DBAD/PUB 1095.00 302.230951 NEW EN-106307 1 1095.00 English Books

© Delhi Public Library
Hit Counter
free hit counter